Bioéthique : Les enjeux du progrès scientifique - France, Allemagne - (Colloque Nancy 7 mars 1998)

שמור ב:
מידע ביבליוגרפי
פורמט: ספר
שפה:Undetermined
יצא לאור: Bruxelles Bruylant 2000
נושאים:
תגים: הוספת תג
אין תגיות, היה/י הראשונ/ה לתייג את הרשומה!
Thư viện lưu trữ: Trung tâm Học liệu Trường Đại học Cần Thơ
LEADER 00562nam a2200181Ia 4500
001 CTU_73025
008 210402s9999 xx 000 0 und d
082 |a 614.1 
082 |b B615 
245 0 |a Bioéthique : 
245 0 |b Les enjeux du progrès scientifique - France, Allemagne - (Colloque Nancy 7 mars 1998) 
245 0 |c Patricia Barbarino-Monnier ...[et al. 
260 |a Bruxelles 
260 |b Bruylant 
260 |c 2000 
650 |a medical jurisprudence,Medical ethics 
904 |i Minh 
980 |a Trung tâm Học liệu Trường Đại học Cần Thơ